000 01839cam a2200229 a 4500
001 000013060
005 20200929163129.0
008 780531s1970 ve b 001 0 spa
040 _aDO-SdBNP
_bspa
_cLC
_dBNPHU
082 _a355.0098
_bP214p
245 0 3 _aEl papel político y social de las fuerzas armadas en América Latina :
_bensayos /
_c[compilador] Virgilio Rafael Beltran.
260 _aCaracas :
_bMonte Avila,
_c1970.
300 _a350 p. ;
_c20 cm.
490 1 _aPrisma
505 0 _aVirgilio Rafael Beltran. Algunos problemas de la sociología militar en America Latina -- Virgilio Rafael Beltran. Estrategía, armas y cambio social en América Latina -- Alberto Ciria. Cuatro ejemplos de relaciones entre fuerzas armadas y poder político -- Horacio D. Rodríguez. Qué es un gorila? -- Virgilio Rafael Beltran. Dos revoluciones en naciones nuevas: Argentina 1943, Egipto 1952 -- Mariano C. Grondona. La estructura cívico-militar del nuevo estado argentino -- S. E. Finer. El problema argentino: entre la espada y el estado -- Jose A. Rios. Los militares y el poder en Brasil -- Oliveros S. Ferreira. La geopolítica y el ejército brasileño -- Vicente Barreto. La presencia militarista -- Francois Bourricaud. Perú: el círculo vicioso: o militales o políticos -- Norberto Ceresole. El nacionalismo militar latinoamericano -- Jerry L. Weaver. Las fuerzas armadas guatemaltecas y la política -- Carlos Bañales Guimaraens. Las fuerzas armadas en la crisis uruguaya -- Robert P. Case. El entrenamiento de militares latinoamericanos en los Estados Unidos.
650 4 _aFuerzas armadas
_xAmérica latina
_930186
651 4 _aAmérica Latina
_xPolítica Y Govierno
_y1948-1980.
_930187
700 1 _aBeltran, Virgilio Rafael.
_930188
830 0 _aPrisma
_93770
910 _aCatalogación por copia / LC
049 _aBNGR
999 _c12702
_d12702